Audits of management systems and their importance for the organization
Význam auditu pre organizáciu. Audit manažérskych systémov. Certifikácia systémov manažmentu. Benefity realizácie auditu v organizácii. Bariéry implementácie auditu.
Salvato in:
| Autore principale: | |
|---|---|
| Natura: | Capitolo di libro |
| Lingua: | inglese |
| Soggetti: | |
| Tags: |
Nessun Tag, puoi essere il primo ad aggiungerne!!
|
MARC
| LEADER | 00000naa$a2200000$$$4500 | ||
|---|---|---|---|
| 001 | 0229184 | ||
| 005 | 20240502083617.5 | ||
| 041 | 0 | |a eng | |
| 044 | |a UA | ||
| 245 | 1 | 0 | |a Audits of management systems and their importance for the organization |c Marta Karkalíková |
| 520 | |a Význam auditu pre organizáciu. Audit manažérskych systémov. Certifikácia systémov manažmentu. Benefity realizácie auditu v organizácii. Bariéry implementácie auditu. | ||
| 610 | 2 | 0 | |a organizácie |
| 610 | 2 | 0 | |a systémy integrované manažérske |
| 610 | 2 | 0 | |a systémy riadenia |
| 610 | 2 | 0 | |a audit |
| 610 | 2 | 0 | |a certifikácia |
| 100 | 1 | |a Karkalíková, Marta | |